School experiments with alternating current.

Kaydedildi:
Detaylı Bibliyografya
Yazar: Pearce, W. E. (William Edward)
Materyal Türü: Kitap
Dil:English
Baskı/Yayın Bilgisi: London : Bell & Sons, 1954.
Konular:
LEADER 00752nam a2200205 i 4500
001 c000312610
003 CARM
005 00000000000000.0
008 791017s1954 00000 eng d
019 1 |a 2528931  |5 LACONCORD2021 
035 |a (OCoLC)220094386  |5 LACONCORD2021 
100 1 0 |a Pearce, W. E.  |q (William Edward) 
245 1 0 |a School experiments with alternating current. 
260 |a London :  |b Bell & Sons,  |c 1954. 
300 |a 155 p. :  |b illus. 
650 0 |a Electric currents  |x Alternating. 
852 8 |b CARM  |h A3:AB16G0  |i A05450  |p 0470703  |f BK 
082 0 4 |a 621.313 
999 f f |i 76fac6f0-a81f-5e99-8999-8eba4f68e0c5  |s d66f6ebf-b7a4-5c7b-88c4-32a2ec4d2f54 
952 f f |p Can circulate  |a CAVAL  |b CAVAL  |c CAVAL  |d CARM 1 Store  |e A05450  |f A3:AB16G0  |h Other scheme  |i book  |m 0470703